AH International Schools' Libraries

The farmer's away! Baa! Neigh! / (Record no. 49737)

MARC details
000 -LEADER
fixed length control field 00716nam a2200205 4500
020 ## - INTERNATIONAL STANDARD BOOK NUMBER
International Standard Book Number 9781406356533 (hbk.) :
Terms of availability £11.99
020 ## - INTERNATIONAL STANDARD BOOK NUMBER
International Standard Book Number 9781406360646
040 ## - CATALOGING SOURCE
Original cataloging agency StDuBDS
Language of cataloging eng
Transcribing agency StDuBDS
Modifying agency Uk
Description conventions rda
042 ## - AUTHENTICATION CODE
Authentication code ukblcatcopy
082 04 - DEWEY DECIMAL CLASSIFICATION NUMBER
Classification number 813.6
Edition number 23
100 ## - MAIN ENTRY--PERSONAL NAME
Personal name Kennedy, Anne,
Dates associated with a name 1955-
Relator term author,
-- artist.
9 (RLIN) 63326
245 14 - TITLE STATEMENT
Title The farmer's away! Baa! Neigh! /
Statement of responsibility, etc Anne Vittur Kennedy.
260 ## - PUBLICATION, DISTRIBUTION, ETC. (IMPRINT)
Place of publication, distribution, etc London:
Name of publisher, distributor, etc Walker Books;
Date of publication, distribution, etc 2014.
300 ## - PHYSICAL DESCRIPTION
Extent 1 volume (unpaged) :
Other physical details chiefly illustrations (colour) ;
Dimensions 23 cm.
500 ## - GENERAL NOTE
General note Formerly CIP.
Institution to which field applies Uk
650 ## - SUBJECT ADDED ENTRY--TOPICAL TERM
Topical term or geographic name as entry element Animal sounds
Form subdivision Pictorial works
-- Juvenile fiction.
9 (RLIN) 70944
650 ## - SUBJECT ADDED ENTRY--TOPICAL TERM
Topical term or geographic name as entry element Farm Animals
9 (RLIN) 77011
942 ## - ADDED ENTRY ELEMENTS (KOHA)
Source of classification or shelving scheme
Koha item type Book
Holdings
Withdrawn status Lost status Source of classification or shelving scheme Damaged status Not for loan Home library Current library Date acquired Total Checkouts Full call number Barcode Date last seen Date checked out Price effective from Koha item type
          Logos International School Logos International School 11/12/2025 1 E KEN 041944 12/03/2025 11/17/2025 11/12/2025 Book

For any Logos Library related questions please contact Miss Art at swongnarasuk@asianhope.org.

For any Asian Hope Library related questions please contact Miss Raza at graza@asianhope.org.

Click here to explore our ebooks!

Powered by Koha